[Event "HUN-chT2 Barcza 1718"]
[Site "Hungary"]
[Date "2017.11.26"]
[Round "4.8"]
[White "Ugyan, Daniel"]
[Black "Saller, Imre"]
[Result "1-0"]
[WhiteElo "1865"]
[BlackElo "1807"]
[PlyCount "77"]
[EventDate "2017.09.24"]
[EventType "team-tourn"]
[EventRounds "11"]
[EventCountry "HUN"]
[SourceTitle "EXT 2021"]
[Source "ChessBase"]
[SourceDate "2020.10.23"]
[SourceVersion "1"]
[SourceVersionDate "2020.10.23"]
[SourceQuality "1"]
[WhiteTeam "Nyiregyhaza SISE"]
[BlackTeam "Hajduszoboszlo"]
[WhiteTeamCountry "HUN"]
[BlackTeamCountry "HUN"]

1. Nf3 Nf6 2. d4 d5 3. c4 c6 4. Nc3 e6 5. Bg5 Be7 6. e3 h6 7. Bh4 Nbd7 8. a3 dxc4 9. Bxc4 Nd5 10. Bxe7 Qxe7 11. 0-0 N7f6 12. Ne5 b5 13. Bxd5 exd5 14. Nxc6 Qd6 15. Ne5 a6 16. Qd3 0-0 17. Rac1 b4 18. Na4 Nd7 19. Nf3 a5 20. axb4 axb4 21. Qc2 Ba6 22. Rfd1 Rfc8 23. Nc5 Bb5 24. Qd2 Rab8 25. Nxd7 Qxd7 26. Rxc8+ Qxc8 27. Rc1 Qf8 28. Rc5 Bc4 29. Ne5 Ra8 30. h3 Ra1+ 31. Kh2 Qb8 32. g3 Qb7 33. Qc2 b3 34. Qf5 Ba6 35. Nc6 Bc4 36. Nd8 Qe7 37. Rc8 g6 38. Ne6+ Kh7 39. Qe5 1-0

[Event "HUN-chT2 Barcza 1617"]
[Site "Hungary"]
[Date "2017.03.12"]
[Round "10.10"]
[White "Bako, Martin"]
[Black "Ugyan, Daniel"]
[Result "1/2-1/2"]
[WhiteElo "1583"]
[BlackElo "1797"]
[PlyCount "39"]
[EventDate "2016.09.25"]
[EventType "team-tourn"]
[EventRounds "11"]
[EventCountry "HUN"]
[SourceTitle "EXT 2021"]
[Source "ChessBase"]
[SourceDate "2020.10.23"]
[SourceVersion "1"]
[SourceVersionDate "2020.10.23"]
[SourceQuality "1"]
[WhiteTeam "Edeleny"]
[BlackTeam "Nyiregyhaza SISE"]
[WhiteTeamCountry "HUN"]
[BlackTeamCountry "HUN"]

1. d4 d5 2. c4 c6 3. Nf3 Nf6 4. e3 Bg4 5. Nbd2 e6 6. Bd3 Nbd7 7. 0-0 e5 8. Be2 e4 9. Ne1 Bxe2 10. Qxe2 Bd6 11. Nb3 h5 12. f4 g5 13. c5 Bc7 14. Bd2 gxf4 15. exf4 Ng4 16. h3 Ngf6 17. Nf3 Qe7 18. Ne5 Nxe5 19. fxe5 Nd7 20. Qf2 1/2-1/2

[Event "HUN-chT2 Barcza 1617"]
[Site "Hungary"]
[Date "2016.10.30"]
[Round "3.12"]
[White "Ugyan, Daniel"]
[Black "Kadar, Marton"]
[Result "1/2-1/2"]
[WhiteElo "1797"]
[BlackElo "1629"]
[PlyCount "63"]
[EventDate "2016.09.25"]
[EventType "team-tourn"]
[EventRounds "11"]
[EventCountry "HUN"]
[SourceTitle "EXT 2021"]
[Source "ChessBase"]
[SourceDate "2020.10.23"]
[SourceVersion "1"]
[SourceVersionDate "2020.10.23"]
[SourceQuality "1"]
[WhiteTeam "Nyiregyhaza SISE"]
[BlackTeam "Debrecen Sakkbaratok"]
[WhiteTeamCountry "HUN"]
[BlackTeamCountry "HUN"]

1. Nf3 d5 2. c4 dxc4 3. e3 Bg4 4. Bxc4 e6 5. h3 Bh5 6. d4 Nf6 7. 0-0 Be7 8. b3 0-0 9. Ba3 Bxa3 10. Nxa3 Qe7 11. Nb1 c5 12. Be2 Nc6 13. dxc5 Qxc5 14. Qc1 Qa5 15. Qc3 Qxc3 16. Nxc3 Rfd8 17. Rfd1 Ne7 18. g4 Bg6 19. Ne5 Rac8 20. Nxg6 hxg6 21. Rxd8+ Rxd8 22. Rd1 Rc8 23. Bc4 Nc6 24. g5 Ne8 25. Rc1 Ne5 26. Be2 Nd6 27. f3 Kf8 28. Kf2 Ke7 29. a3 f6 30. gxf6+ gxf6 31. Na2 Rxc1 32. Nxc1 1/2-1/2

[Event "HUN-chT2 Barcza 1516"]
[Site "Hungary"]
[Date "2015.09.13"]
[Round "1.9"]
[White "Ugyan, Daniel"]
[Black "Bai, Attila"]
[Result "1/2-1/2"]
[WhiteElo "1773"]
[BlackElo "2220"]
[PlyCount "133"]
[EventDate "2015.09.13"]
[EventType "team-tourn"]
[EventRounds "11"]
[EventCountry "HUN"]
[SourceTitle "CBM 170 Extra"]
[Source "ChessBase"]
[SourceDate "2016.02.25"]
[SourceVersion "1"]
[SourceVersionDate "2016.02.25"]
[SourceQuality "1"]
[WhiteTeam "Nyiregyhaza"]
[BlackTeam "Kwizda Sakkiskola"]
[WhiteTeamCountry "HUN"]
[BlackTeamCountry "HUN"]

1. Nf3 Nf6 2. c4 c5 3. g3 b6 4. Bg2 Bb7 5. 0-0 e6 6. e3 d6 7. b3 Be7 8. Bb2 a6 9. Qe2 Nbd7 10. Rd1 0-0 11. a3 Qc7 12. Nc3 Rad8 13. Rac1 Qb8 14. Na2 Qa8 15. Ne1 Bxg2 16. Nxg2 Ne4 17. d3 Ng5 18. e4 e5 19. Nc3 f5 20. Nd5 Nh3+ 21. Kh1 Bg5 22. f4 fxe4 23. Qh5 Nf2+ 24. Kg1 g6 25. Qe2 Nh3+ 26. Kh1 exd3 27. Rxd3 exf4 28. Qe6+ Rf7 29. Qxh3 fxg3 30. Re1 Ne5 31. Bxe5 dxe5 32. hxg3 Rf5 33. Nge3 Bxe3 34. Rexe3 Rh5 35. Qxh5 gxh5 36. Rxe5 Rf8 37. Rde3 Kh8 38. Rxh5 Rf1+ 39. Kg2 Rf7 40. Rhe5 Qc6 41. Re8+ Kg7 42. R3e6 Qd7 43. R8e7 Qd8 44. Rxf7+ Kxf7 45. Rxb6 Qc8 46. a4 Qg4 47. Kf2 Qd4+ 48. Kf3 Qd1+ 49. Ke3 h5 50. Kf2 Qd2+ 51. Kf3 Qd3+ 52. Kf2 Qe4 53. Rb7+ Kg6 54. Nf4+ Kh6 55. Rb6+ Kh7 56. Nd5 Qh1 57. Rb7+ Kg6 58. Nf4+ Kf5 59. Rf7+ Ke4 60. Re7+ Kd4 61. Rd7+ Kc3 62. Rd3+ Kc2 63. Ke3 Qg1+ 64. Ke4 h4 65. gxh4 Qe1+ 66. Re3 Qxh4 67. Kf5 1/2-1/2

[Event "HUN-chT2 Barcza 1415"]
[Site "Hungary"]
[Date "2014.11.16"]
[Round "?"]
[White "Ugyan, Daniel"]
[Black "Dudas, Zoltan"]
[Result "1/2-1/2"]
[WhiteElo "1724"]
[BlackElo "1783"]
[PlyCount "41"]
[EventDate "2014.09.07"]
[EventType "team-tourn"]
[EventRounds "11"]
[EventCountry "HUN"]
[SourceTitle "EXT 2016"]
[Source "ChessBase"]
[SourceDate "2015.10.08"]
[SourceVersion "1"]
[SourceVersionDate "2015.10.08"]
[SourceQuality "1"]
[WhiteTeam "Nyiregyhaza"]
[BlackTeam "Edeleny"]
[WhiteTeamCountry "HUN"]
[BlackTeamCountry "HUN"]

1. Nf3 d5 2. c4 c6 3. Nc3 Nf6 4. e3 Bg4 5. h3 Bh5 6. b3 e6 7. Bb2 Be7 8. Be2 0-0 9. 0-0 Nbd7 10. d4 Rc8 11. Qd2 Bg6 12. Rfd1 Bb4 13. Bd3 Ne4 14. Qc2 f5 15. Nh2 Qg5 16. f4 Qg3 17. Nf3 Bh5 18. Rf1 Bxf3 19. Rxf3 Qh4 20. Bxe4 fxe4 21. Rff1 1/2-1/2

[Event "HUN-chT2 Barcza 1415"]
[Site "Hungary"]
[Date "2014.10.12"]
[Round "?"]
[White "Ugyan, Daniel"]
[Black "Runda, Mate Bence"]
[Result "0-1"]
[WhiteElo "1724"]
[BlackElo "1903"]
[PlyCount "66"]
[EventDate "2014.09.07"]
[EventType "team-tourn"]
[EventRounds "11"]
[EventCountry "HUN"]
[SourceTitle "EXT 2016"]
[Source "ChessBase"]
[SourceDate "2015.10.08"]
[SourceVersion "1"]
[SourceVersionDate "2015.10.08"]
[SourceQuality "1"]
[WhiteTeam "Nyiregyhaza"]
[BlackTeam "Miskolc Sakkiskola"]
[WhiteTeamCountry "HUN"]
[BlackTeamCountry "HUN"]

1. Nf3 Nf6 2. c4 g6 3. b3 Bg7 4. Bb2 0-0 5. g3 c6 6. Bg2 d5 7. d3 Bg4 8. Nbd2 Re8 9. 0-0 Nbd7 10. h3 Bxf3 11. Nxf3 e6 12. Qd2 Qb6 13. Rac1 Rec8 14. Ne5 Nxe5 15. Bxe5 Nh5 16. Bxg7 Nxg7 17. cxd5 exd5 18. d4 Rc7 19. Rc3 Re7 20. e3 Ne6 21. h4 Ng7 22. Bh3 Qb4 23. Rc2 Qd6 24. Qc3 Nh5 25. Re2 f5 26. Qc5 Qb8 27. Rfe1 f4 28. g4 f3 29. gxh5 fxe2 30. hxg6 Rg7 31. Bf5 Qd8 32. e4 Qxh4 33. Rxe2 hxg6 0-1